The Nehru dynasty: astro-political portraits of Nehru Indira Sanjay and Rajiv (Record no. 492095)

000 -LEADER
fixed length control field 00394cam a22001337a 4500
008 - FIXED-LENGTH DATA ELEMENTS--GENERAL INFORMATION
fixed length control field 180718b1993 xxu||||| |||| 00| 0 eng d
082 ## - DEWEY DECIMAL CLASSIFICATION NUMBER
Classification number YA6 R18
100 ## - MAIN ENTRY--PERSONAL NAME
Personal name Rao, K.N.
245 ## - TITLE STATEMENT
Title The Nehru dynasty: astro-political portraits of Nehru Indira Sanjay and Rajiv
Statement of responsibility, etc. by K.N. Rao
260 ## - PUBLICATION, DISTRIBUTION, ETC.
Place of publication, distribution, etc. New Delhi
Name of publisher, distributor, etc. Windows
Date of publication, distribution, etc. 1993
300 ## - PHYSICAL DESCRIPTION
Extent 276p.
650 ## - SUBJECT ADDED ENTRY--TOPICAL TERM
Topical term or geographic name entry element Astrology and politics
650 ## - SUBJECT ADDED ENTRY--TOPICAL TERM
Topical term or geographic name entry element Astrology
Holdings
Withdrawn status Lost status Damaged status Not for loan Permanent Location Current Location Date acquired Full call number Barcode Date last seen Price effective from Koha item type
        Indian Institute of Public Administration Indian Institute of Public Administration 2018-08-04 YA6 R18 GR15994 2018-08-04 2018-08-04 GR

Powered by Koha